QUEST Central Library Banner

Automatic control systems / (Record no. 7400)

MARC details
000 -LEADER
fixed length control field 00970nam a2200193 a 4500
020 ## - INTERNATIONAL STANDARD BOOK NUMBER
ISBN 0471134767 (hardcover)
020 ## - INTERNATIONAL STANDARD BOOK NUMBER
ISBN 9780471134763 (hardcover)
100 1# - MAIN ENTRY--AUTHOR NAME
Personal name Kuo, Benjamin C.
245 10 - TITLE STATEMENT
Title Automatic control systems /
250 ## - EDITION STATEMENT
Edition statement 8th ed.
260 ## - PUBLICATION, DISTRIBUTION, ETC. (IMPRINT)
Place of publication [S.l.] :
Name of publisher Wiley,
Year of publication 2002.
300 ## - PHYSICAL DESCRIPTION
Number of Pages 624 p. ;
520 ## - SUMMARY, ETC.
Summary, etc Real-world applications--Integrates real-world analysis and design applications throughout the text. Examples include: the sun-seeker system, the liquid-level control, dc-motor control, and space-vehicle payload control. * Examples and problems--Includes an abundance of illustrative examples and problems. * Marginal notes throughout the text highlight important points.
700 1# - ADDED ENTRY--PERSONAL NAME
Personal name Golnaraghi, Farid.
856 40 - ELECTRONIC LOCATION AND ACCESS
Uniform Resource Identifier http://www.amazon.com/exec/obidos/ASIN/0471134767/chopaconline-20
Holdings
Withdrawn status Lost status Home library Current library Date acquired Full call number Accession Number Koha item type
    Central Library, QUEST, Nawabshah Central Library, QUEST, Nawabshah 20/06/2014 629.83KUO 25493 Books

Copyright © 2018,The QUEST, Nawabshah, Shaheed Benazirabad. All rights reserved
Mr. G. Farooq Channar (Librarian) QUEST, Nawabshah, Sindh, Pakistan 67480.
 Ph#: |   0244-9370381-4 Ext. 2308   Email| lib@quest.edu.pk   Web|  http://www.quest.edu.pk